[Event "KAZ Cup Final (Women)"]
[Site "Almaty"]
[Date "2023.11.30"]
[Round "2.1"]
[White "Kaldarova, Ayaulym"]
[Black "Loskutova, Viktoriya"]
[Result "1-0"]
[WhiteElo "2005"]
[BlackElo "2094"]
[PlyCount "119"]
[EventDate "2023.11.28"]
[EventType "k.o."]
[EventRounds "4"]
[EventCountry "KAZ"]
[SourceTitle "CB49_2023"]
[SourceDate "2023.12.06"]
[SourceVersion "1"]
[SourceVersionDate "2023.12.06"]
[SourceQuality "1"]

1. Nf3 Nf6 2. c4 e6 3. g3 d5 4. Bg2 Be7 5. 0-0 0-0 6. b3 c5 7. cxd5 Nxd5 8. Bb2 Nc6 9. d4 cxd4 10. Nxd4 Nxd4 11. Qxd4 Bf6 12. Qd2 Bd7 13. Na3 Bc6 14. Nc4 Bxb2 15. Qxb2 Ne7 16. Rfd1 Qc7 17. e4 Rfd8 18. Rac1 Rxd1+ 19. Rxd1 Rd8 20. Rd2 h6 21. Qe5 Qb8 22. f4 b5 23. Rxd8+ Qxd8 24. Qd6 Qxd6 25. Nxd6 Kf8 26. Kf2 f6 27. Ke3 e5 28. Bf1 a6 29. Bh3 g6 30. Be6 Ng8 31. Bc8 Ke7 32. Nb7 h5 33. b4 Nh6 34. fxe5 fxe5 35. Nc5 a5 36. bxa5 Kd6 37. Nd3 Nf7 38. h4 Kc7 39. Be6 Nd6 40. Nxe5 Bxe4 41. Nf7 Bb1 42. Nxd6 Kxd6 43. Bf7 b4 44. Kd4 Kc6 45. Be8+ Kb7 46. Kc5 Bxa2 47. Kxb4 Bb1 48. Kc5 Kc7 49. a6 Bd3 50. a7 Kb7 51. Kd4 Bc2 52. Ke5 Kxa7 53. Kf6 Kb6 54. Bxg6 Bd1 55. Kg5 Kc5 56. Bxh5 Bb3 57. Kf6 Kd4 58. Bg6 Ke3 59. h5 Kf3 60. h6 1-0

[Event "Khanty-Mansiysk Governor Cup 19th"]
[Site "Khanty-Mansiysk"]
[Date "2023.11.22"]
[Round "6"]
[White "Loskutova, Viktoriya"]
[Black "Vlasenko, Miroslav"]
[Result "1/2-1/2"]
[WhiteElo "2094"]
[BlackElo "2352"]
[PlyCount "93"]
[EventDate "2023.11.17"]
[EventType "swiss"]
[EventRounds "9"]
[EventCountry "RUS"]
[SourceTitle "CB48_2023"]
[SourceDate "2023.11.29"]
[SourceVersion "1"]
[SourceVersionDate "2023.11.29"]
[SourceQuality "1"]

1. e4 c5 2. Nf3 Nc6 3. d4 cxd4 4. Nxd4 Nf6 5. Nc3 d6 6. Bg5 e6 7. Qd2 a6 8. 0-0-0 Bd7 9. Nxc6 Bxc6 10. f3 Be7 11. h4 h6 12. Be3 h5 13. Bg5 b5 14. Ne2 Qb6 15. Nd4 Bd7 16. Kb1 Rd8 17. Be2 a5 18. Be3 Qb7 19. Qd3 Rb8 20. Bg5 a4 21. c3 a3 22. b3 0-0 23. Nc2 Rfc8 24. Nb4 Be8 25. Rc1 Rc5 26. Rc2 Rbc8 27. Rhc1 Bf8 28. Bxf6 gxf6 29. f4 Bh6 30. g3 f5 31. exf5 Rxf5 32. Qxd6 Bg7 33. Qa6 Qb8 34. Qxa3 Rfc5 35. Nd3 Rxc3 36. Rxc3 Bxc3 37. Qe7 Qa8 38. Ne5 Qe4+ 39. Bd3 Qe3 40. Qg5+ Kf8 41. Bc2 Qe2 42. Qf6 Bxe5 43. fxe5 Rc5 44. Qh6+ Ke7 45. Qg5+ Kf8 46. Qh6+ Ke7 47. Qf6+ 1/2-1/2

[Event "Khanty-Mansiysk Governor Cup 19th"]
[Site "Khanty-Mansiysk"]
[Date "2023.11.17"]
[Round "1"]
[White "Lintchevski, Daniil"]
[Black "Loskutova, Viktoriya"]
[Result "1-0"]
[WhiteElo "2542"]
[BlackElo "2094"]
[PlyCount "83"]
[EventDate "2023.11.17"]
[EventType "swiss"]
[EventRounds "9"]
[EventCountry "RUS"]
[SourceTitle "CB48_2023"]
[SourceDate "2023.11.29"]
[SourceVersion "1"]
[SourceVersionDate "2023.11.29"]
[SourceQuality "1"]

1. c4 Nf6 2. g3 e6 3. Bg2 d5 4. Nf3 Be7 5. 0-0 0-0 6. d4 c6 7. Qc2 b6 8. Nbd2 c5 9. e4 Nc6 10. e5 Nd7 11. a3 Bb7 12. cxd5 exd5 13. Re1 Re8 14. dxc5 bxc5 15. Nb3 Qb6 16. Be3 Rac8 17. Rac1 d4 18. Bf4 Nd8 19. Nbd2 Ne6 20. Nc4 Qc7 21. Bd2 Nb6 22. Ba5 Bd5 23. Nfd2 Bxg2 24. Kxg2 Qc6+ 25. Qe4 Qxe4+ 26. Nxe4 Nxc4 27. Rxc4 Rb8 28. b4 cxb4 29. Bxb4 Bxb4 30. axb4 Red8 31. f4 g6 32. Ra1 Ra8 33. b5 Rdb8 34. Nd6 Rb6 35. Kf3 Kf8 36. Rca4 Nc7 37. Rxa7 Rxa7 38. Rxa7 Nxb5 39. Rxf7+ Kg8 40. Rd7 Nxd6 41. exd6 Rb2 42. Rc7 1-0

[Event "Astana Zhuldyzdary op-A"]
[Site "Astana"]
[Date "2023.07.17"]
[Round "9"]
[White "Zvereva, Margarita"]
[Black "Loskutova, Viktoriya"]
[Result "1-0"]
[WhiteElo "1857"]
[BlackElo "2185"]
[PlyCount "93"]
[EventDate "2023.07.11"]
[EventType "swiss"]
[EventRounds "10"]
[EventCountry "KAZ"]
[SourceTitle "CBM 215 Extra"]
[Source "ChessBase"]
[SourceDate "2023.09.30"]
[SourceVersion "1"]
[SourceVersionDate "2023.09.30"]
[SourceQuality "1"]

1. d4 Nf6 2. c4 e6 3. Nc3 Bb4 4. Qc2 d5 5. a3 Bxc3+ 6. Qxc3 0-0 7. Bg5 Nbd7 8. e3 h6 9. Bh4 b6 10. cxd5 exd5 11. Qc6 Rb8 12. Bg3 Bb7 13. Qxc7 Qxc7 14. Bxc7 Rbc8 15. Bd6 Rfe8 16. Bd3 Ne4 17. Bg3 Ndf6 18. Ne2 a5 19. h4 Re6 20. Bf4 Rec6 21. f3 Nd6 22. Bxd6 Rxd6 23. Kd2 Re8 24. Nf4 g6 25. g4 Bc6 26. b4 a4 27. b5 Bd7 28. Rab1 Ra8 29. Rb4 Ne8 30. Rc1 Ra5 31. g5 hxg5 32. hxg5 Ra7 33. e4 dxe4 34. fxe4 Bg4 35. e5 Rd8 36. Be4 Nc7 37. Ke3 Be6 38. Rc6 Rb8 39. Rd6 Ne8 40. Rc6 Nc7 41. d5 Bd7 42. d6 Ne6 43. Nxe6 Bxe6 44. Kd4 Kf8 45. Bd5 Ke8 46. Rbc4 Bxd5 47. Kxd5 1-0

[Event "Astana Zhuldyzdary op-A"]
[Site "Astana"]
[Date "2023.07.13"]
[Round "4"]
[White "Loskutova, Viktoriya"]
[Black "Zarubitski, Viachaslau"]
[Result "0-1"]
[WhiteElo "2185"]
[BlackElo "2423"]
[PlyCount "72"]
[EventDate "2023.07.11"]
[EventType "swiss"]
[EventRounds "10"]
[EventCountry "KAZ"]
[SourceTitle "CBM 215 Extra"]
[Source "ChessBase"]
[SourceDate "2023.09.30"]
[SourceVersion "1"]
[SourceVersionDate "2023.09.30"]
[SourceQuality "1"]

1. e4 c5 2. Nf3 e6 3. d4 cxd4 4. Nxd4 a6 5. a3 Nf6 6. Nc3 Qc7 7. Be3 d6 8. f4 b5 9. g4 Bb7 10. Bg2 Nc6 11. g5 Nd7 12. Qe2 Na5 13. 0-0-0 Nc4 14. Bf2 Be7 15. h4 Rc8 16. Rh3 0-0 17. f5 exf5 18. Nxf5 Rfe8 19. Nxe7+ Rxe7 20. Nd5 Bxd5 21. Rxd5 Ndb6 22. Rd1 d5 23. e5 Rxe5 24. Qd3 Re6 25. Kb1 a5 26. Rhh1 b4 27. Bh3 bxa3 28. Bxe6 fxe6 29. Bxb6 Qxb6 30. b3 a4 31. Rc1 Na5 32. Ka2 axb3+ 33. cxb3 Qf2+ 34. Kxa3 Nc4+ 35. bxc4 Ra8+ 36. Kb3 Rb8+ 0-1

[Event "RUS-ch Higher League (Women) 73rd"]
[Site "Novokuznetsk"]
[Date "2023.07.04"]
[Round "8"]
[White "Lesnykh, Zhanna"]
[Black "Loskutova, Viktoriya"]
[Result "0-1"]
[WhiteElo "2019"]
[BlackElo "2185"]
[PlyCount "66"]
[EventDate "2023.06.26"]
[EventType "swiss"]
[EventRounds "9"]
[EventCountry "RUS"]
[SourceTitle "EXT 2024"]
[Source "ChessBase"]
[SourceDate "2023.10.10"]
[SourceVersion "1"]
[SourceVersionDate "2023.10.10"]
[SourceQuality "1"]

1. e4 e5 2. Nf3 Nc6 3. Bb5 a6 4. Ba4 Nf6 5. 0-0 Bc5 6. c3 b5 7. Bb3 d6 8. d4 Bb6 9. h3 0-0 10. a4 Bb7 11. Bg5 h6 12. axb5 axb5 13. Rxa8 Bxa8 14. Bxf6 Qxf6 15. d5 Ne7 16. Qe2 c6 17. Rd1 cxd5 18. Bxd5 Nxd5 19. exd5 b4 20. cxb4 Qf4 21. Qd2 Qxd2 22. Rxd2 Rb8 23. Nc3 Bd8 24. b5 Ba5 25. Kf1 Rc8 26. Ke2 Bxc3 27. bxc3 Rxc3 28. b6 Rb3 29. Nxe5 dxe5 30. d6 Bxg2 31. Rd3 Rxd3 32. Kxd3 Kf8 33. Ke3 Bb7 0-1

[Event "RUS-ch Higher League (Women) 73rd"]
[Site "Novokuznetsk"]
[Date "2023.07.03"]
[Round "7"]
[White "Loskutova, Viktoriya"]
[Black "Bodnaruk, Anastasia"]
[Result "0-1"]
[WhiteElo "2185"]
[BlackElo "2356"]
[PlyCount "78"]
[EventDate "2023.06.26"]
[EventType "swiss"]
[EventRounds "9"]
[EventCountry "RUS"]
[SourceTitle "EXT 2024"]
[Source "ChessBase"]
[SourceDate "2023.10.10"]
[SourceVersion "1"]
[SourceVersionDate "2023.10.10"]
[SourceQuality "1"]

1. e4 c5 2. Nf3 d6 3. c3 Nf6 4. h3 g6 5. Bd3 Bg7 6. Bc2 e5 7. 0-0 0-0 8. d4 exd4 9. cxd4 Nc6 10. Nc3 Nh5 11. Be3 cxd4 12. Nxd4 Nxd4 13. Bxd4 Nf4 14. Bxg7 Qg5 15. Qf3 Kxg7 16. Qg3 Qe5 17. Rfe1 Be6 18. Qe3 g5 19. a4 Rfc8 20. Bd3 Rc5 21. Bf1 a6 22. Red1 Rac8 23. Qd4 R8c6 24. Rd2 Rb6 25. Qe3 Rb3 26. Qe1 h5 27. Qd1 h4 28. a5 Rb4 29. Ra3 Rc6 30. Be2 Rc5 31. Bf1 Ng6 32. Rxd6 Rxb2 33. Ne2 Qxe4 34. Rd8 Rb1 35. Rd4 Rxd1 36. Rxe4 Bc4 37. f3 Bxe2 38. Rxe2 Rcc1 39. Rf2 Nf4 0-1

[Event "RUS-ch U20 Girls"]
[Site "Moscow"]
[Date "2023.04.27"]
[Round "9"]
[White "Yakimova, Mariya"]
[Black "Loskutova, Viktoriya"]
[Result "0-1"]
[WhiteElo "2245"]
[BlackElo "2151"]
[PlyCount "74"]
[EventDate "2023.04.19"]
[EventType "tourn"]
[EventRounds "9"]
[EventCountry "RUS"]
[SourceTitle "CBM 213 Extra"]
[Source "ChessBase"]
[SourceDate "2023.05.31"]
[SourceVersion "1"]
[SourceVersionDate "2023.05.31"]
[SourceQuality "1"]

1. d4 Nf6 2. c4 e6 3. g3 d5 4. Bg2 Bb4+ 5. Nd2 0-0 6. Ngf3 b6 7. 0-0 Bb7 8. Ne5 a5 9. a3 Be7 10. b3 Nbd7 11. Bb2 c5 12. cxd5 Bxd5 13. Nc6 Qe8 14. Nxe7+ Qxe7 15. e4 Bb7 16. e5 Nd5 17. Ne4 a4 18. Nd6 Bc6 19. b4 cxb4 20. Qc1 Nb8 21. axb4 Qd7 22. Ba3 b5 23. Ra2 Ra6 24. Rc2 Ba8 25. Rd1 Rb6 26. Qd2 Na6 27. Rdc1 f5 28. Bf1 Ndc7 29. Qf4 Ne8 30. Rc8 Bd5 31. Qh4 Nxd6 32. Rxf8+ Kxf8 33. exd6 Kg8 34. Rc5 Nxc5 35. dxc5 Rb8 36. Qd4 f4 37. Qxf4 Qf7 0-1

[Event "Titled Tuesday intern op 14th Feb Early"]
[Site "Chess.com INT"]
[Date "2023.02.14"]
[Round "10"]
[White "Loskutova, Viktoriya"]
[Black "Orzech, Dominik"]
[Result "0-1"]
[WhiteElo "2146"]
[BlackElo "2308"]
[PlyCount "108"]
[EventDate "2023.02.14"]
[EventType "swiss (blitz)"]
[EventRounds "11"]
[EventCountry "USA"]
[SourceTitle "CBM 212 Extra"]
[Source "ChessBase"]
[SourceDate "2023.03.31"]
[SourceVersion "1"]
[SourceVersionDate "2023.03.31"]
[SourceQuality "1"]

1. e4 c6 2. d4 d5 3. exd5 cxd5 4. Bd3 Nc6 5. c3 Qc7 6. h3 Nf6 7. Na3 e5 8. dxe5 Qxe5+ 9. Ne2 Bxa3 10. bxa3 0-0 11. 0-0 Bf5 12. Bf4 Qe6 13. Re1 Bxd3 14. Qxd3 Qe4 15. Rad1 Qxd3 16. Rxd3 h6 17. Rb1 b6 18. a4 Rac8 19. Nd4 Nxd4 20. cxd4 Rc2 21. a3 Rfc8 22. Rb5 Ne4 23. Be3 Nc3 24. Rb4 Rc4 25. Rd2 Rxd2 26. Bxd2 Ne2+ 27. Kf1 Nxd4 28. Rxc4 dxc4 29. Bc3 Nb3 30. Ke2 g6 31. Kd1 Kf8 32. Kc2 Ke7 33. Bg7 h5 34. Kc3 Na5 35. Be5 Ke6 36. Bb8 Nc6 37. Bc7 Kd5 38. Bf4 Nd4 39. Be3 Nf5 40. Bf4 Nh4 41. g3 Nf3 42. Bb8 a6 43. Ba7 b5 44. axb5 axb5 45. Be3 Ne5 46. h4 Nd3 47. Ba7 Ke4 48. a4 bxa4 49. Kxc4 a3 50. Kb3 Kf3 51. Kxa3 Nxf2 52. Bb8 Ne4 53. Kb3 Nxg3 54. Kc3 Nf5 0-1

[Event "Titled Tuesday intern op 14th Feb Early"]
[Site "Chess.com INT"]
[Date "2023.02.14"]
[Round "2"]
[White "Martinez Ramirez, Lennis"]
[Black "Loskutova, Viktoriya"]
[Result "1/2-1/2"]
[WhiteElo "2415"]
[BlackElo "2146"]
[PlyCount "129"]
[EventDate "2023.02.14"]
[EventType "swiss (blitz)"]
[EventRounds "11"]
[EventCountry "USA"]
[SourceTitle "CBM 212 Extra"]
[Source "ChessBase"]
[SourceDate "2023.03.31"]
[SourceVersion "1"]
[SourceVersionDate "2023.03.31"]
[SourceQuality "1"]

1. c4 e5 2. Nc3 d6 3. g3 g6 4. Bg2 Bg7 5. b4 f5 6. b5 Nf6 7. d3 0-0 8. e3 a6 9. Nge2 axb5 10. Nxb5 c6 11. Nbc3 Na6 12. Rb1 Nc7 13. 0-0 d5 14. cxd5 Nfxd5 15. Bd2 Kh8 16. a4 Rb8 17. a5 Be6 18. Qc2 Qd7 19. Na4 Na6 20. e4 Ne7 21. Nb6 Qc7 22. f4 fxe4 23. dxe4 Bg4 24. Bc3 Nc8 25. fxe5 Rxf1+ 26. Bxf1 Nxb6 27. axb6 Qe7 28. Qb2 Re8 29. Nf4 Nc5 30. Ra1 Nxe4 31. Nd3 Nxc3 32. Qxc3 Bf5 33. Ra7 Bxd3 34. Bxd3 Bxe5 35. Qc4 Qg7 36. Qe4 Bd4+ 37. Kg2 Rxe4 38. Ra8+ Qg8 39. Rxg8+ Kxg8 40. Bxe4 Bxb6 41. Kf3 Kf7 42. Kf4 Ke6 43. Kg5 Kf7 44. Kh6 Kg8 45. g4 Be3+ 46. g5 Bf4 47. h3 Kh8 48. Bf3 Bg3 49. Be4 Be1 50. Bf3 Bd2 51. Be4 Kg8 52. Bf3 c5 53. Bxb7 Kh8 54. Bd5 c4 55. Bxc4 Be3 56. Be6 Bd2 57. Bf7 Be3 58. Bxg6 hxg6 59. Kxg6 Bd2 60. h4 Bc1 61. h5 Bxg5 62. Kxg5 Kh7 63. h6 Kh8 64. Kg6 Kg8 65. h7+ 1/2-1/2

[Event "Titled Tuesday intern op 14th Feb Early"]
[Site "Chess.com INT"]
[Date "2023.02.14"]
[Round "4"]
[White "Remizov, Yaroslav"]
[Black "Loskutova, Viktoriya"]
[Result "1-0"]
[WhiteElo "2396"]
[BlackElo "2146"]
[PlyCount "49"]
[EventDate "2023.02.14"]
[EventType "swiss (blitz)"]
[EventRounds "11"]
[EventCountry "USA"]
[SourceTitle "CBM 212 Extra"]
[Source "ChessBase"]
[SourceDate "2023.03.31"]
[SourceVersion "1"]
[SourceVersionDate "2023.03.31"]
[SourceQuality "1"]

1. e4 c5 2. Nf3 d6 3. d4 cxd4 4. Nxd4 Nf6 5. Nc3 a6 6. Rg1 e5 7. Nb3 Be6 8. g4 Nc6 9. g5 Nd7 10. Be3 Nb6 11. Nd5 Bxd5 12. exd5 Ne7 13. c4 Nf5 14. Qg4 Nxe3 15. fxe3 Na4 16. 0-0-0 Rc8 17. Kb1 g6 18. h4 h5 19. Qe4 Be7 20. Bh3 Rc7 21. Be6 Bf8 22. Rgf1 Bg7 23. c5 Nxc5 24. Nxc5 0-0 25. Qxg6 1-0

[Event "Cheliabinsk Lozovatsky Memorial-B"]
[Site "Cheliabinsk"]
[Date "2023.02.02"]
[Round "7"]
[White "Loskutova, Viktoriya"]
[Black "Vanishvili, Mari"]
[Result "1-0"]
[WhiteElo "2146"]
[BlackElo "1967"]
[PlyCount "147"]
[EventDate "2023.01.27"]
[EventType "swiss"]
[EventRounds "10"]
[EventCountry "RUS"]
[SourceTitle "CBM 212 Extra"]
[Source "ChessBase"]
[SourceDate "2023.03.31"]
[SourceVersion "1"]
[SourceVersionDate "2023.03.31"]
[SourceQuality "1"]

1. e4 c6 2. d4 d5 3. Nd2 dxe4 4. Nxe4 Nf6 5. Nxf6+ exf6 6. c3 Bd6 7. Bd3 Na6 8. Ne2 Nc7 9. 0-0 0-0 10. Qc2 g6 11. c4 Re8 12. Bd2 b5 13. b3 Bg4 14. Bc3 Rc8 15. Ng3 Bf8 16. h3 Be6 17. Rad1 f5 18. Ne2 Bg7 19. Rfe1 h5 20. Nf4 Qg5 21. Bd2 Qf6 22. Be3 Red8 23. Qd2 Qe7 24. Ne2 Qd7 25. Qa5 Rb8 26. Bf4 Rdc8 27. d5 cxd5 28. cxb5 Bf6 29. Rc1 Bd8 30. Qxa7 Ra8 31. Qd4 Nxb5 32. Bxb5 Qxb5 33. Bh6 f6 34. Rxc8 Rxc8 35. Nc3 Qc6 36. Bd2 Bb6 37. Qxf6 Bf7 38. Qxc6 Rxc6 39. Rc1 d4 40. Ne2 Re6 41. Nf4 Rf6 42. Rc8+ Kg7 43. h4 Rd6 44. Nd3 Bd5 45. a4 Bxb3 46. a5 Be6 47. Ra8 Rd8 48. Ra6 Bc4 49. Rxb6 Bxd3 50. a6 Ra8 51. Rb7+ Kf6 52. a7 Be4 53. Bg5+ Ke5 54. Re7+ Kd6 55. Rg7 Ke5 56. f3 Bd5 57. Rxg6 Rxa7 58. Bf6+ Kf4 59. Bxd4 Ra2 60. Rg5 Bf7 61. Kh2 Bd5 62. Kh3 Bf7 63. g3+ Kxf3 64. Rxf5+ Ke4 65. Rxf7 Kxd4 66. Rf5 Ke4 67. Rxh5 Ra3 68. Kg4 Ra4 69. Rf5 Ra3 70. Rb5 Ra8 71. h5 Rg8+ 72. Kh4 Kf3 73. Rg5 Rh8 74. Rf5+ 1-0

[Event "Cheliabinsk Lozovatsky Memorial-B"]
[Site "Cheliabinsk"]
[Date "2023.01.31"]
[Round "5"]
[White "Loskutova, Viktoriya"]
[Black "Poliakova, Varvara"]
[Result "1/2-1/2"]
[WhiteElo "2146"]
[BlackElo "1835"]
[PlyCount "71"]
[EventDate "2023.01.27"]
[EventType "swiss"]
[EventRounds "10"]
[EventCountry "RUS"]
[SourceTitle "CBM 212 Extra"]
[Source "ChessBase"]
[SourceDate "2023.03.31"]
[SourceVersion "1"]
[SourceVersionDate "2023.03.31"]
[SourceQuality "1"]

1. e4 e5 2. Nf3 Nc6 3. Bb5 a6 4. Ba4 Nf6 5. 0-0 Be7 6. Re1 b5 7. Bb3 0-0 8. d3 d6 9. c3 Bb7 10. Nbd2 h6 11. Nf1 Re8 12. Ng3 Bf8 13. d4 Na5 14. Bc2 g6 15. a4 Bg7 16. Bd3 exd4 17. cxd4 b4 18. Rb1 c5 19. b3 Nd7 20. d5 Kh7 21. Bf4 Ne5 22. Nxe5 Bxe5 23. Bxe5 Rxe5 24. f4 Re8 25. Qc2 Qf6 26. Rf1 Qd4+ 27. Kh1 Rac8 28. Ne2 Qh8 29. Ng1 Rc7 30. Nf3 Rec8 31. Bc4 Nxc4 32. Qxc4 f6 33. e5 fxe5 34. fxe5 dxe5 35. d6 Rd7 36. Qg4 1/2-1/2

[Event "The Game has begun U20 Girls"]
[Site "Khanty-Mansiysk"]
[Date "2022.12.06"]
[Round "8"]
[White "Loskutova, Viktoriya"]
[Black "Zhurova, Anna"]
[Result "0-1"]
[WhiteElo "2076"]
[BlackElo "2269"]
[PlyCount "108"]
[EventDate "2022.11.29"]
[EventType "tourn"]
[EventRounds "9"]
[EventCountry "RUS"]
[SourceTitle "CBM 211 Extra"]
[Source "ChessBase"]
[SourceDate "2023.01.31"]
[SourceVersion "1"]
[SourceVersionDate "2023.01.31"]
[SourceQuality "1"]

1. e4 e6 2. d4 d5 3. Nd2 Be7 4. Ngf3 Nf6 5. e5 Nfd7 6. c3 c5 7. Bd3 Nc6 8. 0-0 g5 9. Nb1 h5 10. Be3 g4 11. Ne1 Qb6 12. b3 Rg8 13. Nc2 Nf8 14. Nd2 cxd4 15. cxd4 Bd7 16. Qe2 a6 17. b4 f5 18. exf6 Bxf6 19. Nb3 Nxb4 20. Nxb4 Qxb4 21. Rab1 Qe7 22. Nc5 Bc6 23. Rfc1 Rc8 24. Rc2 Kf7 25. Nxa6 bxa6 26. Bxa6 Ng6 27. Bxc8 Rxc8 28. Rbc1 Qd7 29. f3 Bb5 30. Qf2 Rxc2 31. Rxc2 Bd3 32. Rc1 Qd6 33. fxg4 hxg4 34. Bg5 Bf5 35. Bxf6 Kxf6 36. a4 Qa3 37. Rf1 Qxa4 38. h3 g3 39. Qe3 Qb4 40. h4 Nxh4 41. Qe5+ Kf7 42. Qc7+ Qe7 43. Qxg3 Ng6 44. Qc3 Kg7 45. Qg3 Qh4 46. Qc7+ Kh6 47. Qc1+ Qg5 48. Qa3 Qd2 49. Qc5 Kg5 50. Rf3 Bg4 51. Rg3 Qe1+ 52. Kh2 Qf2 53. Rb3 Qf8 54. Qb6 Nf4 0-1

[Event "The Game has begun U20 Girls"]
[Site "Khanty-Mansiysk"]
[Date "2022.12.02"]
[Round "4"]
[White "Loskutova, Viktoriya"]
[Black "Mkrtchyan, Mariam"]
[Result "1-0"]
[WhiteElo "2076"]
[BlackElo "2334"]
[PlyCount "63"]
[EventDate "2022.11.29"]
[EventType "tourn"]
[EventRounds "9"]
[EventCountry "RUS"]
[SourceTitle "CBM 211 Extra"]
[Source "ChessBase"]
[SourceDate "2023.01.31"]
[SourceVersion "1"]
[SourceVersionDate "2023.01.31"]
[SourceQuality "1"]

1. e4 e5 2. Nf3 Nc6 3. Bb5 a6 4. Ba4 Nf6 5. 0-0 Nxe4 6. d4 b5 7. Bb3 d5 8. dxe5 Be6 9. Be3 Be7 10. c3 0-0 11. Nbd2 f5 12. exf6 Nxf6 13. Re1 Qd7 14. Bc2 Bg4 15. a4 Bd6 16. Qb1 Ne7 17. Bg5 h6 18. Bh4 c5 19. Qa2 Qb7 20. Bxf6 gxf6 21. Ne4 Rad8 22. Nxd6 Rxd6 23. axb5 axb5 24. Nh4 Rf7 25. Re3 Bc8 26. Qa7 d4 27. Rg3+ Rg7 28. Qxc5 Qc6 29. Bb3+ Kf8 30. Qh5 Rh7 31. Ng6+ Nxg6 32. Qxg6 1-0

[Event "EU-ch U18 Girls 30th"]
[Site "Antalya"]
[Date "2022.11.13"]
[Round "8"]
[White "Levitan, Ronit"]
[Black "Loskutova, Viktoriya"]
[Result "1/2-1/2"]
[WhiteElo "1989"]
[BlackElo "2076"]
[PlyCount "73"]
[EventDate "2022.11.06"]
[EventType "swiss"]
[EventRounds "9"]
[EventCountry "TUR"]
[SourceTitle "CBM 211 Extra"]
[Source "ChessBase"]
[SourceDate "2023.01.31"]
[SourceVersion "1"]
[SourceVersionDate "2023.01.31"]
[SourceQuality "1"]

1. e4 c5 2. Nf3 d6 3. Bb5+ Nc6 4. 0-0 Bd7 5. Re1 a6 6. Bf1 Bg4 7. h3 Bxf3 8. Qxf3 g6 9. c3 Bh6 10. Na3 Nf6 11. Nc4 0-0 12. d3 Bxc1 13. Raxc1 Rc8 14. e5 dxe5 15. Nxe5 Nxe5 16. Rxe5 Qd6 17. Rce1 Rc7 18. Qe2 e6 19. Rd1 Rd8 20. d4 cxd4 21. Rxd4 Qe7 22. Rxd8+ Qxd8 23. Re3 Rd7 24. Rd3 Rxd3 25. Qxd3 Qxd3 26. Bxd3 Kf8 27. Kf1 Ke7 28. Ke2 Kd6 29. Ke3 Nd5+ 30. Kd2 f5 31. a3 e5 32. c4 Nf4 33. Bf1 a5 34. Kc3 Ne6 35. b4 axb4+ 36. axb4 b6 37. h4 1/2-1/2

[Event "EU-ch U18 Girls 30th"]
[Site "Antalya"]
[Date "2022.11.11"]
[Round "6"]
[White "Garifullina, Leya"]
[Black "Loskutova, Viktoriya"]
[Result "1-0"]
[WhiteElo "2364"]
[BlackElo "2076"]
[PlyCount "87"]
[EventDate "2022.11.06"]
[EventType "swiss"]
[EventRounds "9"]
[EventCountry "TUR"]
[SourceTitle "CBM 211 Extra"]
[Source "ChessBase"]
[SourceDate "2023.01.31"]
[SourceVersion "1"]
[SourceVersionDate "2023.01.31"]
[SourceQuality "1"]

1. d4 d5 2. c4 e6 3. Nf3 Nf6 4. g3 Be7 5. Bg2 0-0 6. 0-0 c6 7. Nc3 a5 8. Nd2 b5 9. cxb5 cxb5 10. Nxb5 Qb6 11. Nc3 Qxd4 12. e4 Ba6 13. Nb3 Qxd1 14. Rxd1 a4 15. exd5 exd5 16. Nxa4 Bc4 17. Nbc5 Bxc5 18. Nxc5 Na6 19. Na4 Rfe8 20. b3 Be2 21. Rd4 Nc7 22. Bg5 Bb5 23. Nc3 Bc6 24. Bxf6 gxf6 25. Nxd5 Nxd5 26. Bxd5 Bxd5 27. Rxd5 Ra3 28. Rd2 Rb8 29. Rb1 Rb4 30. Kg2 Kg7 31. Rbb2 Kg6 32. Kf3 h5 33. h4 Ra6 34. Rd3 Ra5 35. Rc2 Ra3 36. Ke2 Rb6 37. Rb2 Rb4 38. Kd2 Kf5 39. Rf3+ Kg6 40. Kc1 Rb6 41. Rc2 Rba6 42. Kb1 Kg7 43. Rf4 Kg6 44. b4 1-0

[Event "EU-ch U18 Girls 30th"]
[Site "Antalya"]
[Date "2022.11.09"]
[Round "4"]
[White "Hrebenshchykova, Yelyzaveta"]
[Black "Loskutova, Viktoriya"]
[Result "1/2-1/2"]
[WhiteElo "2296"]
[BlackElo "2076"]
[PlyCount "102"]
[EventDate "2022.11.06"]
[EventType "swiss"]
[EventRounds "9"]
[EventCountry "TUR"]
[SourceTitle "CBM 211 Extra"]
[Source "ChessBase"]
[SourceDate "2023.01.31"]
[SourceVersion "1"]
[SourceVersionDate "2023.01.31"]
[SourceQuality "1"]

1. e4 c5 2. Nf3 d6 3. d4 cxd4 4. Nxd4 Nf6 5. Nc3 Nc6 6. Bc4 e6 7. Be3 a6 8. Qe2 Bd7 9. 0-0-0 b5 10. Bb3 Na5 11. a3 Qc7 12. Kb1 e5 13. Nf3 Nxb3 14. cxb3 h6 15. Nd2 Qb7 16. Qd3 Be7 17. b4 Be6 18. f4 exf4 19. Bxf4 0-0 20. Bxd6 Bxd6 21. Qxd6 Rfd8 22. Qe5 Ng4 23. Qf4 a5 24. Nf3 axb4 25. Rxd8+ Rxd8 26. axb4 Nf6 27. Ne5 Qa6 28. Kc2 Rc8 29. Kd2 Qd6+ 30. Nd3 Qd7 31. Kc2 Bb3+ 32. Kxb3 Qxd3 33. Qf1 Qd7 34. Qf5 Qc7 35. Re1 Rb8 36. Qc5 Qxh2 37. e5 Ng4 38. Qd4 h5 39. e6 fxe6 40. Rxe6 Qxg2 41. Qf4 Qb7 42. Re7 Qxe7 43. Qxb8+ Qf8 44. Qxb5 Qf7+ 45. Ka4 h4 46. Qc5 Qd7+ 47. b5 h3 48. Qc6 Qa7+ 49. Kb4 Qe7+ 50. Ka4 Qa7+ 51. Kb4 Qe7+ 1/2-1/2

[Event "RUS-chT Rapid (Women)"]
[Site "Sochi"]
[Date "2022.10.18"]
[Round "2.4"]
[White "Charochkina, Daria"]
[Black "Loskutova, Viktoriya"]
[Result "1-0"]
[WhiteElo "2344"]
[BlackElo "2076"]
[PlyCount "143"]
[EventDate "2022.10.18"]
[EventType "team-swiss (rapid)"]
[EventRounds "9"]
[EventCountry "RUS"]
[SourceTitle "CBM 210 Extra"]
[Source "ChessBase"]
[SourceDate "2022.11.30"]
[SourceVersion "1"]
[SourceVersionDate "2022.11.30"]
[SourceQuality "1"]
[WhiteTeam "Cheliabinsk Yuzhnyy Ural (W)"]
[BlackTeam "Novosibirsk (W)"]
[WhiteTeamCountry "RUS"]
[BlackTeamCountry "RUS"]

1. d4 Nf6 2. Nc3 d5 3. Bf4 Bf5 4. e3 e6 5. Nf3 Bb4 6. Bd3 Ne4 7. 0-0 Bxc3 8. bxc3 0-0 9. c4 c5 10. cxd5 Qxd5 11. c4 Qd8 12. Qb1 Nd6 13. Bxf5 exf5 14. Bxd6 Qxd6 15. Qxb7 Nd7 16. Qb3 Rfc8 17. Rfd1 Qc7 18. d5 Nf6 19. Qd3 g6 20. Rab1 Qd6 21. h3 Ne4 22. Qa3 Qc7 23. Rb3 Nd6 24. Qa6 Rd8 25. Ne5 Re8 26. Nc6 Re4 27. Rc1 f4 28. exf4 Rxf4 29. Re3 Re4 30. Rce1 Rxc4 31. Re7 Qb6 32. Qa3 a5 33. Rd7 Nf5 34. Qd3 Rh4 35. Rb1 Qa6 36. Rb8+ Kg7 37. Qc3+ Nd4 38. Rbb7 Rf8 39. Nxd4 Rxd4 40. Qf3 Qf6 41. Qxf6+ Kxf6 42. Rb5 a4 43. Rxc5 Rd2 44. a3 Rd3 45. Rc6+ Ke5 46. Ra6 Rxa3 47. d6 Ra1+ 48. Kh2 Kf6 49. Rda7 Rd8 50. g4 a3 51. h4 h6 52. g5+ hxg5 53. hxg5+ Kxg5 54. Rxf7 a2 55. d7 Rd1 56. Rxa2 R8xd7 57. Rf3 R7d6 58. Ra5+ R1d5 59. Raa3 Rd4 60. Rg3+ Kf5 61. Ra5+ R4d5 62. Ra8 Rd4 63. Rf8+ Ke5 64. Rg5+ Ke4 65. Kg3 Rd1 66. Rf4+ Kd3 67. Kg2 Re1 68. Rg3+ Kd2 69. Ra4 Ree6 70. Ra2+ Ke1 71. Kh2 Kd1 72. Rg1+ 1-0